Normal view
MARC view
- Uzma
Entry Personal Name
001 - CONTROL NUMBER
- control field: 124186
003 - CONTROL NUMBER IDENTIFIER
- control field: NUST
005 - DATE AND TIME OF LATEST TRANSACTION
- control field: 20240708163406.0
008 - FIXED-LENGTH DATA ELEMENTS
- fixed length control field: 240708|| aca||aabn | a|a d
040 ## - CATALOGING SOURCE
- Original cataloging agency: NUST
- Transcribing agency: NUST
100 ## - HEADING--PERSONAL NAME
- Personal name: Uzma
670 ## - SOURCE DATA FOUND
- Source citation: Work cat.: (NUST): Uzma, Biosystematic Study of Himalayan Carex L. (Cyperaceae)/
